[Event "Jose de Freitas op 7th"]
[Site "Jose de Freitas"]
[Date "2024.07.14"]
[Round "4"]
[White "Dos Santos, Gabrielly Goncalves"]
[Black "E Silva, Raphael Frota Fonte"]
[Result "1-0"]
[WhiteElo "1716"]
[BlackElo "1623"]
[PlyCount "65"]
[EventDate "2024.07.13"]
[EventType "swiss"]
[EventRounds "5"]
[EventCountry "BRA"]
[SourceTitle "CB30_2024"]
[SourceDate "2024.07.24"]
[SourceVersion "1"]
[SourceVersionDate "2024.07.24"]
[SourceQuality "1"]

1. e4 c5 2. Nf3 Nc6 3. Bc4 e6 4. Nc3 Nge7 5. d3 d5 6. exd5 exd5 7. Bb3 d4 8. Ne4 Nd5 9. 0-0 Be7 10. a3 0-0 11. Re1 b6 12. Bd2 Bb7 13. Bg5 Qd7 14. Bxe7 Ncxe7 15. Ne5 Qf5 16. Nd6 Qg5 17. Nxb7 Ne3 18. fxe3 Qxe5 19. exd4 Qxd4+ 20. Kh1 Qd7 21. Qf3 Rab8 22. Nxc5 bxc5 23. Rf1 Nc6 24. Ba4 Rb6 25. Bxc6 Rxc6 26. b3 Rf6 27. Qh5 Qd4 28. Qd1 Rh6 29. h3 g6 30. Qd2 Kg7 31. c3 Qd5 32. Qe3 Rd8 33. Rad1 1-0

[Event "Jose de Freitas op 7th"]
[Site "Jose de Freitas"]
[Date "2024.07.13"]
[Round "1"]
[White "E Silva, Raphael Frota Fonte"]
[Black "Lima, Eduardo de Sousa"]
[Result "0-1"]
[WhiteElo "1623"]
[BlackElo "1914"]
[PlyCount "82"]
[EventDate "2024.07.13"]
[EventType "swiss"]
[EventRounds "5"]
[EventCountry "BRA"]
[SourceTitle "CB30_2024"]
[SourceDate "2024.07.24"]
[SourceVersion "1"]
[SourceVersionDate "2024.07.24"]
[SourceQuality "1"]

1. e4 e6 2. d4 d5 3. Nc3 Nf6 4. Bd3 Bb4 5. Bg5 dxe4 6. Bxe4 Qd6 7. Bxf6 gxf6 8. a3 Bxc3+ 9. bxc3 Nd7 10. Qf3 Ke7 11. Bxb7 Bxb7 12. Qxb7 Rhb8 13. Qe4 a5 14. Nf3 Nb6 15. Qd3 Nd5 16. g3 Qc6 17. c4 Nb6 18. c5 Nd7 19. c4 a4 20. 0-0 Rb3 21. d5 Rxd3 22. dxc6 Rxf3 23. cxd7 Kxd7 24. Rfd1+ Kc6 25. Rd2 Rb8 26. Kg2 Rc3 27. Rd4 Rbb3 28. Rh4 Rxa3 29. Rb1 Rab3 30. Rd1 a3 31. Rxh7 a2 32. Ra1 Rc2 33. Rxf7 f5 34. h4 Rbb2 35. Rf1 Rb1 36. h5 Rxf1 37. Kxf1 a1Q+ 38. Kg2 Qh8 39. Re7 Re2 40. Kf1 Re5 41. f4 Re4 0-1